000 00925nam a22002417a 4500
001 5028
003 FISKH
005 20250829145149.0
008 241101b cb ||||| |||| 00| 0 eng d
020 _a9781407123912
040 _aFISKH
_beng
_cFISKH
_dFISKH
082 _a944.026092
100 _aRobins, Phil
245 _aJoan of Arc and Her Marching Orders /
_cby Phil Robins
260 _aNew York :
_bScholastic ;
_c2002 .
300 _a208 pages :
_billustrations ;
_c21 cm .
490 _aHorribly Famous
520 _aEven though Joan of Arc is dead, she's still full of surprises. Now you can get the inside story with Joan's secret diary. Read the news that set France ablaze in The Gallic Globe, and find out how a teenage girl gave an entire army its marching orders.
650 _aimporting from goodreads
_vnon-fiction
700 _aReeve, Philip
_eiilustrator
942 _2ddc
_cBK
_n0
999 _c5028
_d5028